| 000 | 01557cam a22002653a 4500 | ||
|---|---|---|---|
| 001 | 3755 | ||
| 005 | 20240509145417.0 | ||
| 020 | _a0553486241 | ||
| 040 |
_aIHI _cIHI _dSLC _dOCL _dDLC _beng |
||
| 050 | 0 | 0 | _aPZ7.B8344 |
| 082 | _a074 | ||
| 100 | 1 | _aBryant, Bonnie | |
| 245 | 1 | 0 |
_aHorse whispers : _cBonnie Bryant. _bListen with your heart / |
| 260 |
_aNew York : _bBantam, _c1998 |
||
| 300 |
_a136 pages : _c20 cm. _billustrations ; |
||
| 490 |
_aSaddle Club _vBook 74 |
||
| 505 | _aO | ||
| 520 | _aThe Saddle Club is spending February vacation with the Devines at the Bar None Ranch. Colonel Devine has just bought some new horses and one of the mares reminds Carole of Cobalt, the first horse she really loved. Carole rides the mare and discovers that, while the mare has been trained, there is still something wild in her. Then the mare runs away. The Saddle Club finds her running with a herd of wild horses that lives on the Bar None land. They bring the mare back. She runs away again. They bring her back again, only to have her run away once more. Eventually, The Saddle Club and the Devines must face the fact that the mare wants to be in the wild--and that she belongs there. Carole's encounter with this free spirit teaches her something about herself, too. She has a very special talent--she's a natural horse whisperer. | ||
| 521 | 0 |
_a640
_bLexile |
|
| 521 | 1 |
_aO
_bRaz-Plus |
|
| 650 | 0 |
_aHorses _vFiction. |
|
| 655 | 7 |
_aYoung adult fiction. _2lcsh |
|
| 906 |
_a7 _bcbc _ccopycat _d2 _encip _f19 _gy-genrareb |
||
| 942 |
_2ddc _cBK _n0 |
||
| 999 |
_c3755 _d3755 |
||